Organizational behavior : (Record no. 347754)
[ view plain ]
| 000 -LEADER | |
|---|---|
| fixed length control field | 01086 a2200205 4500 |
| 020 ## - INTERNATIONAL STANDARD BOOK NUMBER | |
| International Standard Book Number | 0324072864 (paperback) |
| 020 ## - INTERNATIONAL STANDARD BOOK NUMBER | |
| International Standard Book Number | 9780324072860 (paperback) |
| 082 04 - DEWEY DECIMAL CLASSIFICATION NUMBER | |
| Classification number | 658.4 |
| 090 ## - LOCALLY ASSIGNED LC-TYPE CALL NUMBER (OCLC); LOCAL CALL NUMBER (RLIN) | |
| -- | 5342 |
| -- | 5342 |
| 100 1# - MAIN ENTRY--PERSONAL NAME | |
| Personal name | Marcic, Dorothy. |
| 245 10 - TITLE STATEMENT | |
| Title | Organizational behavior : |
| Remainder of title | experiences and cases / |
| Statement of responsibility, etc. | Dorothy Marcic, Joe Seltzer, Peter Vaill. |
| 250 ## - EDITION STATEMENT | |
| Edition statement | 6th ed. |
| 260 ## - PUBLICATION, DISTRIBUTION, ETC. | |
| Place of publication, distribution, etc. | [S.l.] : |
| Name of publisher, distributor, etc. | Thomson South-Western, |
| Date of publication, distribution, etc. | 2000. |
| 300 ## - PHYSICAL DESCRIPTION | |
| Extent | 464 p. ; |
| Dimensions | 25 cm. |
| 520 ## - SUMMARY, ETC. | |
| Summary, etc. | This text is a compilation of 67 engaging, flexible, and tested exercises for active learning of organizational behavior. Exercises range from the simple to the complex and can be implemented as individual or group activities. Self-inventories, role-plays, and case studies provide a diversity of experiences. A section of 11 short readings serves as an anchor to students new to experiential methods, group processes, and case analysis. |
| 700 1# - ADDED ENTRY--PERSONAL NAME | |
| Personal name | Seltzer, Joe. |
| 700 1# - ADDED ENTRY--PERSONAL NAME | |
| Personal name | Vaill, Peter. |
| 856 40 - ELECTRONIC LOCATION AND ACCESS | |
| Materials specified | Amazon.com |
| Uniform Resource Identifier | <a href="http://www.amazon.com/exec/obidos/ASIN/0324072864/chopaconline-20">http://www.amazon.com/exec/obidos/ASIN/0324072864/chopaconline-20</a> |
| 942 ## - ADDED ENTRY ELEMENTS (KOHA) | |
| Institution code [OBSOLETE] | NBS |
| Koha item type | Book |
| Call number prefix | 658.4 MAR |
| Withdrawn status | Lost status | Damaged status | Not for loan | Permanent Location | Current Location | Date acquired | Total Checkouts | Full call number | Barcode | Date last seen | Date last checked out | Price effective from | Koha item type |
|---|---|---|---|---|---|---|---|---|---|---|---|---|---|
| Central Library (CL) | Central Library (CL) | 08/28/2013 | 2 | 658.4 MAR | NBS4486 | 08/17/2016 | 05/30/2016 | 08/28/2013 | Book |
